Guess the 1960s song lyrics #144 - Statistics

General Stats
  • This quiz has been taken 22 times
  • The average score is 198 of 303
Answer Stats
Answer % Correct
I
100%
you
100%
You
100%
a
95%
The
95%
the
95%
an
90%
be
90%
on
90%
And
85%
For
85%
to
85%
To
85%
me
80%
These
80%
these
80%
Are
75%
are
75%
eyes
75%
my
75%
never
75%
arms
70%
every
70%
hold
70%
Hold
70%
it
70%
Long
70%
long
70%
of
70%
one
70%
see
70%
When
70%
have
65%
in
65%
night
65%
oh
65%
they
65%
will
65%
But
60%
Cry
60%
had
60%
with
60%
heart
55%
Like
55%
No
55%
no
55%
seen
55%
This
55%
baby
50%
Baby
50%
Could
50%
know
50%
lot
50%
loves
50%
not
50%
Yeah
50%
yeah
50%
Don't
45%
free
45%
Again
40%
again
40%
another
40%
cryin
40%
Guess Who
40%
took
40%
babe
35%
broke
35%
gonna
35%
they're
35%
ah
30%
gave
30%
need
25%
spoke
25%
back
20%
hurtin's
20%
world
20%
bring
15%
end
15%
pretend
15%
Watched
15%
ya
15%
accept
10%
vow
10%
promises
5%
No matching quizzes found
Score Distribution
Percent of People with Each Score
Percentile by Number Answered
Your Score History
You have not taken this quiz